000 00424nab a2200145Ia 4500
003 ES-SlBCS
005 20210601124259.0
008 140529s1955 xxu||||| |||| 00| 0 eng d
041 _aeng
100 1 _aSchepers, Bonaventure
_9139016
245 0 4 _aThe Victory Which Overcometh the World
_c Bonaventure Schepers
650 0 4 _aFe
_914445
773 0 _tDominicana
_gvol. 40, nº. 4, 1955, págs. 385-396
_wRev1398
942 _cAR
999 _c512230
_d512230